Library of the University of Algiers 3
Ibrahim Sultan Cheibout
شعار جامعة الجزائر 3
مكتبة جامعة الجزائر 3
إبراهيم سلطان شيبوط

مقدمة في علم الإدارة / (رقم التسجيلة. 41569)

تفاصيل مارك
000 -LEADER
fixed length control field 00891nam a2200229Ia 4500
003 - CONTROL NUMBER IDENTIFIER
control field Ost
005 - DATE AND TIME OF LATEST TRANSACTION
control field 20260507074851.0
008 - FIXED-LENGTH DATA ELEMENTS--GENERAL INFORMATION
fixed length control field 260507s9999||||xx |||||||||||||| ||und||
020 ## - INTERNATIONAL STANDARD BOOK NUMBER
International Standard Book Number 9960245198
040 ## - CATALOGING SOURCE
Transcribing agency fsecg
041 ## - LANGUAGE CODE
Language code of text/sound track or separate title ara
082 ## - DEWEY DECIMAL CLASSIFICATION NUMBER
Classification number 310
100 ## - MAIN ENTRY--PERSONAL NAME
Personal name تايلور الثالث، برنارد
Relator term مؤلف
245 #0 - TITLE STATEMENT
Title مقدمة في علم الإدارة /
Statement of responsibility, etc. برنارد تايلور الثالث
260 ## - PUBLICATION, DISTRIBUTION, ETC.
Place of publication, distribution, etc. الرياض:
Name of publisher, distributor, etc. دار المريخ,
Date of publication, distribution, etc. 2007
300 ## - PHYSICAL DESCRIPTION
Extent 448 صفحة؛
Other physical details إيضاحات ؛
Dimensions 28 سم
520 ## - SUMMARY, ETC.
Summary, etc. يضم الاحتمال والاحصاء، تحليل القرار، تحليل الصفوف، المحاكاة، التنبؤ، إدارة المخزون
653 ## - INDEX TERM--UNCONTROLLED
Uncontrolled term الإحصاء - المعاملات الإرتباطية
653 ## - INDEX TERM--UNCONTROLLED
Uncontrolled term الإدارة
653 ## - INDEX TERM--UNCONTROLLED
Uncontrolled term الإدارة- الطرق الإحصائية
942 ## - ADDED ENTRY ELEMENTS (KOHA)
Koha item type كتب
المقتنيات
Withdrawn status Lost status Source of classification or shelving scheme Damaged status Not for loan Home library Current library Date acquired Serial enumeration / chronology Inventory number Total checkouts Full call number Barcode Date last seen Price effective from Koha item type
    Dewey Decimal Classification   NOT LOAN / إعارة داخلية مكتبة كلية العلوم الإقتصادية والعلوم التجارية وعلوم التسيير مكتبة كلية العلوم الإقتصادية والعلوم التجارية وعلوم التسيير 07/05/2026 الطابق الأرضي 2007/-78   أ/2/2327ن1 2007/-78 07/05/2026 07/05/2026 كتب
    Dewey Decimal Classification   Available مكتبة كلية العلوم الإقتصادية والعلوم التجارية وعلوم التسيير مكتبة كلية العلوم الإقتصادية والعلوم التجارية وعلوم التسيير 07/05/2026 الطابق الأرضي 2007/-79   أ/2/2327ن2 2007/-79 07/05/2026 07/05/2026 كتب
    Dewey Decimal Classification   Available مكتبة كلية العلوم الإقتصادية والعلوم التجارية وعلوم التسيير مكتبة كلية العلوم الإقتصادية والعلوم التجارية وعلوم التسيير 07/05/2026 الطابق الأرضي 2007/-80   أ/2/2327ن3 2007/-80 07/05/2026 07/05/2026 كتب
    Dewey Decimal Classification   Available مكتبة كلية العلوم الإقتصادية والعلوم التجارية وعلوم التسيير مكتبة كلية العلوم الإقتصادية والعلوم التجارية وعلوم التسيير 07/05/2026 الطابق الثاني 2007/-81   أ/2/2327ن4 2007/-81 07/05/2026 07/05/2026 كتب
    Dewey Decimal Classification   Available مكتبة كلية العلوم الإقتصادية والعلوم التجارية وعلوم التسيير مكتبة كلية العلوم الإقتصادية والعلوم التجارية وعلوم التسيير 07/05/2026 الطابق الثاني 2007/-82   أ/2/2327ن5 2007/-82 07/05/2026 07/05/2026 كتب
    Dewey Decimal Classification   Available مكتبة كلية العلوم الإقتصادية والعلوم التجارية وعلوم التسيير مكتبة كلية العلوم الإقتصادية والعلوم التجارية وعلوم التسيير 07/05/2026 مكتبة بن عكنون 2007/-83   أ/2/2327ن6 2007/-83 07/05/2026 07/05/2026 كتب
    Dewey Decimal Classification   Available مكتبة كلية العلوم الإقتصادية والعلوم التجارية وعلوم التسيير مكتبة كلية العلوم الإقتصادية والعلوم التجارية وعلوم التسيير 07/05/2026 مكتبة بن عكنون 2007/-84   أ/2/2327ن7 2007/-84 07/05/2026 07/05/2026 كتب

موارد الويب المفتوحة


© University of Algiers 3 All Rights Reserved
|
Implemented by LECHELAH Riad